Statistiques concernant Traduire ces mots en italiens

Cliquez ici pour prendre le quiz!

Statistiques générales

  • Ce quiz a été pris 42 fois
  • Le résultat moyen est 7 sur 14

Statistiques - réponses

FrançaisItalien% Correct
L'huilel'olio
83%
L'aidel'aiuto
69%
La minuteil minuto
59%
L'adressel'indirizzo
59%
La secondeil secondo
55%
La dentil dente
52%
La méthodeil metodo
52%
La périodeil periodo
52%
La feuilleil foglio
48%
La tentativeil tentativo
38%
La limiteil limito
34%
La dateil dato
28%
La comparaisonIl paragone
21%
La margeil margino
14%

Distribution des résultats

Percentile par nombre de réponses

% des personnes avec chaque résultat

Votre développement - résultats

Vous n’avez pas pris ce quiz